LEADER 01154nas 2200421-- 450 001 996214086303316 005 20230120001627.0 035 $a(CKB)954925391305 035 $a(CONSER)---73648845- 035 $a(EXLCZ)99954925391305 100 $a20760330a19719999 --- b 101 0 $apor 181 $ctxt$2rdacontent 200 00$aColóquio$iLetras 210 $a[Lisboa]$c[Fundação Calouste Gulbenkian] 215 $a1 online resource 311 $aPrint version: Colo?quio: (DLC) 73648845 (OCoLC)2078821 0010-1451 531 $aCOLOQUIO LETRAS 606 $aArts$vPeriodicals 606 $aArts$vPériodiques 606 $aArts$2fast$3(OCoLC)fst00817721 606 $aFilologie$2gtt 606 $aPortugees$2gtt 606 $aLetterkunde$2gtt 608 $aPeriodicals.$2fast 615 0$aArts 615 6$aArts 615 7$aArts. 615 17$aFilologie. 615 17$aPortugees. 615 17$aLetterkunde. 676 $a700/.5 712 02$aFundação Calouste Gulbenkian. 906 $aJOURNAL 912 $a996214086303316 920 $aexl_impl conversion 996 $aColóquio$91669432 997 $aUNISA LEADER 00822nam a2200241 i 4500 001 991002981929707536 005 20021022144525.0 008 960610s1956 uk ||| | eng 035 $ab11737414-39ule_inst 035 $aLE021FD223938$9ExL 040 $aDip. SSSC$bita 100 1 $aMacqueen-Pope, W.$0529398 245 10$aNigths of Gladness /$cW. Macqueen-Pope 260 $aLondon :$bHutchinson,$c1956 300 $a268 p., 8 c. di tav. ;$c24 cm. 650 4$aMusic-hall 650 4$aMusical 907 $a.b11737414$b21-09-06$c24-10-02 912 $a991002981929707536 945 $aLE021FD MUS30D41$g1$iLE021FD-4526$lle023$nFondo D'Amico$o-$pE0.00$q-$rn$so $t0$u0$v0$w0$x0$y.i11977310$z24-10-02 996 $aNigths of Gladness$9903478 997 $aUNISALENTO 998 $ale021$b10-06-96$cm$da $e-$feng$guk $h0$i1